| 000 | 00376nam a22001577a 4500 | ||
|---|---|---|---|
| 003 | OSt | ||
| 008 | 230222b |||||||| |||| 00| 0 eng d | ||
| 041 | _amal | ||
| 082 |
_a894.812 3 _bDUM/MO |
||
| 100 |
_aDumas, Alexandre _95383 |
||
| 245 | _aMonticristoyile prabhu | ||
| 250 | _I3rd | ||
| 260 |
_aThiruvananthapuram _CChintha Publishers _c2019 |
||
| 300 | _a784 | ||
| 942 | _cBK | ||
| 999 |
_c17628 _d17628 |
||